REVIEW OF CARDIC ANESTHESIC & CARDIC CRITICAL CARE WITH 2100 MCQ'S (Record no. 33426)

MARC details
000 -LEADER
fixed length control field 00449nam a22001697a 4500
003 - CONTROL NUMBER IDENTIFIER
control field SGT
020 ## - INTERNATIONAL STANDARD BOOK NUMBER
International Standard Book Number 9789352700660
082 ## - DEWEY DECIMAL CLASSIFICATION NUMBER
Classification number 616.12
Item number R17K
100 ## - MAIN ENTRY--PERSONAL NAME
Personal name KAPOOR, POONAM MALHOTRA
245 ## - TITLE STATEMENT
Title REVIEW OF CARDIC ANESTHESIC & CARDIC CRITICAL CARE WITH 2100 MCQ'S
250 ## - EDITION STATEMENT
Edition statement 2ND
260 ## - PUBLICATION, DISTRIBUTION, ETC. (IMPRINT)
Place of publication, distribution, etc INDIA
Name of publisher, distributor, etc JAYPEE PUB
Year of Publication 2017
300 ## - PAGE DESCRIPTION
No. of Pages 558
650 ## - SUBJECT ADDED ENTRY--TOPICAL TERM
Topical term or geographic name as entry element CRITICAL CARE
653 ## - KEYWORDS--INDEX TERM
Keyword term CARDIC ANESTHESIC & CARDIC CRITICAL CARE
942 ## - ADDED ENTRY ELEMENTS (KOHA)
Source of classification or shelving scheme Dewey Decimal Classification
Koha item type Books
Holdings
Withdrawn status Lost status Source of classification or shelving scheme Damaged status Not for loan Collection code Home library Current library Shelving location Date acquired Vendor Name Cost, normal purchase price SGTU Bill Number Total Checkouts Full call number Accession No. (Barcode) Date last seen Bill Date Koha item type
    Dewey Decimal Classification   Not For Loan MEDICAL SGT Medical Library SGT Medical Library Reference Book 29/11/2025 ABC DELHI 7495.00 SGTU 22053   616.12 R17K FM15876 21/01/2026 29/11/2025 Books